[Event "Open Tournament "]
[Site "SchemingMind.com"]
[Date "2007.05.06"]
[Round "-"]
[White "Coloplast"]
[Black "Lazaro"]
[Result "0-1"]
[WhiteCountry "SWE"]
[BlackCountry "CUB"]
[WhiteElo "1769"]
[WhiteRD "73"]
[BlackElo "1902"]
[BlackRD "58"]
[GameID "103600"]

1. d4 Nf6 2. c4 c5 3. Nf3 cxd4 4. Nxd4 Nc6 5. Nc3 d5 6. cxd5 Nxd5 7. Nxc6 bxc6 8. e4 Nxc3 9. Qxd8+ Kxd8= 10. bxc3 e5
11. Be3 Ba3 12. Rb1 Be6 13. Ba6 Kc7 14. Rb7+ Kd8 15. Ke2 Bc8
0-1

[Event "Open Tournament "]
[Site "SchemingMind.com"]
[Date "2007.05.04"]
[Round "-"]
[White "Coloplast"]
[Black "nwhitelaw"]
[Result "1-0"]
[WhiteCountry "SWE"]
[BlackCountry "GBR"]
[WhiteElo "1916"]
[WhiteRD "70"]
[BlackElo "1305"]
[BlackRD "74"]
[GameID "103601"]

1. d4 d5 2. c4 dxc4 3. Nc3 e6 4. Bf4 Bd6 5. Qd2 Nc6 6. Nf3 Nf6 7. Bg3 Bb4 8. e3 Ne4 9. Qc2 Nd6 10. Bxd6 Bxd6
11. Bxc4 O-O 12. O-O Nb4 13. Qd1 b6 14. a3 Nd5 15. Qb3 Bb7 16. Bxd5 exd5 17. g3 Qf6 18. Kg2 c5 19. Nb5 Rad8 20. Nxd6 Rxd6
21. dxc5 Rd7 22. c6 Qxc6 23. Nd4 Qf6 24. Qa4 Rd6 25. Qxa7 g5 26. Qxb7 h5 27. Qa6 h4 28. Qe2 Qg6 29. g4 h3+ 30. Kh1 Qe4+
31. Qf3 Qh7 32. Qf5 Qh6 33. Rac1 Qh4 34. Rc6 Qh6 35. Rfc1 Rxc6 36. Rxc6 f6 37. Rc7 Rf7 38. Qe6 Qg6 39. Rc8+ Kh7 40. Nf5 Rb7
41. Kg1 b5 42. Qxd5 Re7 43. Qd8
1-0

[Event "Open Tournament "]
[Site "SchemingMind.com"]
[Date "2007.05.07"]
[Round "-"]
[White "Coloplast"]
[Black "pinkfloydhomer"]
[Result "1-0"]
[WhiteCountry "SWE"]
[BlackCountry "DEN"]
[WhiteElo "1928"]
[WhiteRD "70"]
[BlackElo "1743"]
[BlackRD "91"]
[GameID "103602"]

1. d4 d5 2. c4 c6 3. Nc3 Nf6 4. Bf4 Bg4 5. h3 Bh5 6. g4 Bg6 7. e3 e6 8. Qb3 b6 9. cxd5 Nxd5 10. Nxd5 Qxd5
11. Qxd5 cxd5 12. Bb5+ Nd7 13. Rc1 a6 14. Bxd7+ Kxd7 15. Rc7+ Kd8 16. Ne2 Bb4+ 17. Nc3 Rc8 18. Rxc8+ Kxc8 19. Kd2 Kd7 20. Rc1 Rc8
21. a3 Bd6 22. Bxd6
1-0

[Event "Open Tournament "]
[Site "SchemingMind.com"]
[Date "2007.05.04"]
[Round "-"]
[White "Coloplast"]
[Black "Jordan Petrov"]
[Result "1-0"]
[WhiteCountry "SWE"]
[BlackCountry "BUL"]
[WhiteElo "1928"]
[WhiteRD "70"]
[BlackElo "1450"]
[BlackRD "91"]
[GameID "103603"]

1. d4 d5 2. c4 e6 3. Nc3 Bb4 4. Bf4 Bxc3+ 5. bxc3 dxc4 6. e4 Nf6 7. Qc2 O-O 8. Bxc4 a6 9. Ne2 b5 10. Bd3 Bb7
11. e5 Ng4 12. f3 g6 13. fxg4 Bxg2 14. Rg1 Bf3 15. Kf2 Bc6 16. Rg3 Qh4 17. Be4 Bxe4 18. Qxe4 Nd7 19. Kg2 c5 20. Qe3
1-0

[Event "Open Tournament "]
[Site "SchemingMind.com"]
[Date "2007.05.04"]
[Round "-"]
[White "ramanujan"]
[Black "Coloplast"]
[Result "1-0"]
[WhiteCountry "IND"]
[BlackCountry "SWE"]
[WhiteElo "1938"]
[WhiteRD "84"]
[BlackElo "1928"]
[BlackRD "70"]
[GameID "103604"]

1. d4 d5 2. c4 c6 3. Nf3 Nf6 4. Nc3 Bf5 5. e3 e6 6. Bd3 Bg6 7. Bxg6 hxg6 8. Qb3 Qb6 9. Qxb6 axb6 10. cxd5 exd5
11. Bd2 Nbd7 12. O-O Bd6 13. Rfe1 b5 14. e4 dxe4 15. Nxe4 Nxe4 16. Rxe4+ Kf8 17. g3 Rh5 18. a3 Nf6 19. Re2 Re8 20. Rae1 Rxe2
21. Rxe2 Nd5 22. b4 Nb6 23. Ne5 Bxe5 24. dxe5 Nc4 25. f4 Ke7 26. Bc1 Rh8 27. Kg2 Rd8 28. f5 Rd5 29. Bg5+ Ke8 30. f6 Kf8
31. fxg7+ Kxg7 32. Bf6+ Kf8 33. Re4 Ke8 34. g4 Kd7 35. Kg3 Ke6 36. Kf4 Nxa3 37. h4 Rd1 38. h5 gxh5 39. gxh5 Nc4 40. h6 Rh1
41. Kg5 Nd2 42. Rh4 Nf3+ 43. Kh5 Rxh4+ 44. Bxh4 Nxe5 45. h7 Ng6 46. Kh6 b6 47. Bf2 c5 48. bxc5 bxc5 49. Bxc5 Kd7 50. Kg7 Ke6
51. Bb4 Kf5 52. Kxf7 Nh8+ 53. Kg7 Ng6 54. Bd2
1-0

[Event "Open Tournament "]
[Site "SchemingMind.com"]
[Date "2007.05.04"]
[Round "-"]
[White "e_castle3"]
[Black "Coloplast"]
[Result "1-0"]
[WhiteCountry "PHI"]
[BlackCountry "SWE"]
[WhiteElo "1861"]
[WhiteRD "72"]
[BlackElo "1810"]
[BlackRD "71"]
[GameID "103605"]

1. e4 d5 2. exd5 Qxd5 3. Nc3 Qa5 4. Nf3 Bf5 5. d3 c6 6. Bd2 e6 7. Be2 Nd7 8. O-O Ngf6 9. Re1 Be7 10. Nh4 Bg6
11. Nxg6 hxg6 12. Bf3 Qc7 13. g3 O-O-O 14. Ne4 Nxe4 15. Rxe4 Nf6 16. Re1 Bd6 17. c4 Rh7 18. Kg2 Rdh8 19. Rh1 Nh5 20. Bc3 Nxg3
21. fxg3 Bxg3 22. h3 Bh4 23. Be1 Qf4 24. Qd2 g5 25. Qxf4 gxf4 26. Bxh4 Rxh4 27. Rae1 R8h6 28. Re4 Kd7 29. d4 Rg6+ 30. Kf2 Rgh6
31. d5 cxd5 32. cxd5 Rxh3 33. dxe6+ fxe6 34. Rxh3 Rxh3 35. Rxf4 Rh2+ 36. Bg2 Ke7 37. Kg3 Rh5 38. Ra4
1-0

[Event "Open Tournament "]
[Site "SchemingMind.com"]
[Date "2007.05.07"]
[Round "-"]
[White "egis"]
[Black "Coloplast"]
[Result "1-0"]
[WhiteCountry "LTU"]
[BlackCountry "SWE"]
[WhiteElo "1988"]
[WhiteRD "77"]
[BlackElo "1769"]
[BlackRD "73"]
[GameID "103606"]

1. d4 d5 2. e3 Nf6 3. Bb5+ c6 4. Bd3 Nbd7 5. Nf3 Nb6 6. O-O Bg4 7. c3 e6 8. b4 Qc7 9. a4 a5 10. bxa5 Rxa5
11. Nbd2 Bd6 12. h3 Bh5 13. Nb1 Ne4 14. Bxe4 dxe4 15. g4 exf3 16. gxh5 Rxh5 17. Nd2 Rxh3 18. Nxf3
1-0

[Event "Open Tournament "]
[Site "SchemingMind.com"]
[Date "2007.05.07"]
[Round "-"]
[White "Lazaro"]
[Black "Coloplast"]
[Result "1-0"]
[WhiteCountry "CUB"]
[BlackCountry "SWE"]
[WhiteElo "1953"]
[WhiteRD "69"]
[BlackElo "1810"]
[BlackRD "71"]
[GameID "103607"]

1. e4 d5 2. exd5 Qxd5 3. Nc3 Qa5 4. Nf3 Bf5 5. d4 c6 6. Bf4 Nd7 7. Bd3 Bg6 8. O-O e6 9. a3 Ngf6 10. b4 Qd8
11. Bxg6 hxg6 12. Ng5 Nb6 13. Nce4
1-0

[Event "Open Tournament "]
[Site "SchemingMind.com"]
[Date "2007.05.04"]
[Round "-"]
[White "nwhitelaw"]
[Black "Coloplast"]
[Result "0-1"]
[WhiteCountry "GBR"]
[BlackCountry "SWE"]
[WhiteElo "1345"]
[WhiteRD "71"]
[BlackElo "2012"]
[BlackRD "70"]
[GameID "103608"]

1. e4 d5 2. Nc3 dxe4 3. Nxe4 Bf5 4. Bd3 e6 5. g4 Bg6 6. Qf3 Nc6 7. Nh3 Ne5 8. Qf4 Bd6 9. Nhg5 Nxd3+ 10. cxd3 Bxf4
11. Nf3 Qxd3 12. Nc5 Qxf3 13. Rf1 Bc2 14. a4 Qd1#
0-1

[Event "Open Tournament "]
[Site "SchemingMind.com"]
[Date "2007.05.04"]
[Round "-"]
[White "pinkfloydhomer"]
[Black "Coloplast"]
[Result "0-1"]
[WhiteCountry "DEN"]
[BlackCountry "SWE"]
[WhiteElo "1743"]
[WhiteRD "91"]
[BlackElo "1928"]
[BlackRD "70"]
[GameID "103609"]

1. e4 d5 2. exd5 Qxd5 3. Nc3 Qa5 4. d4 c6 5. Nf3 Bf5 6. Bc4 e6 7. O-O Nf6 8. Bd2 Nbd7 9. d5 cxd5 10. Nxd5 Qd8
11. Re1 Be7 12. Nxe7 Qxe7 13. Bf4 Qc5 14. Bb3 Rd8 15. Qd4 Qxd4 16. Nxd4 Be4 17. Bc7 Rc8 18. Nb5 O-O 19. Bd6 Rfe8 20. Nxa7 Ra8
21. Nb5 Rec8 22. Nc3 Bc6
0-1

[Event "Open Tournament "]
[Site "SchemingMind.com"]
[Date "2007.05.04"]
[Round "-"]
[White "Jordan Petrov"]
[Black "Coloplast"]
[Result "0-1"]
[WhiteCountry "BUL"]
[BlackCountry "SWE"]
[WhiteElo "1450"]
[WhiteRD "91"]
[BlackElo "1928"]
[BlackRD "70"]
[GameID "103610"]

1. e4 d5 2. exd5 Qxd5 3. Nc3 Qa5 4. d4 c6 5. Bd2 Bf5 6. Bc4 e6 7. Nd5 Qd8 8. Ne3 Bg6 9. Bc3 Nd7 10. Nf3 Ngf6
11. O-O Bd6 12. Ng5 h6 13. Nxe6 fxe6 14. Bxe6 Qe7 15. Re1 O-O-O 16. d5 c5 17. Bxf6 Qxf6 18. Nc4 Bc7 19. d6 Bb6 20. c3 Kb8
21. Qa4 Bd3 22. Qb5 Bxc4
0-1

[Event "Open Tournament "]
[Site "SchemingMind.com"]
[Date "2007.05.03"]
[Round "-"]
[White "rabbit"]
[Black "ramanujan"]
[Result "0-1"]
[WhiteCountry "USA"]
[BlackCountry "IND"]
[WhiteElo "1973"]
[WhiteRD "87"]
[BlackElo "1903"]
[BlackRD "98"]
[GameID "103611"]

1. e4 c5 2. Nf3 d6 3. d4 cxd4 4. Nxd4 Nf6 5. Nc3 a6 6. e5 dxe5 7. Nf3 Qxd1+ 8. Nxd1 Nc6 9. Ne3 Bg4 10. Nxg4 Nxg4
11. h3 e4 12. hxg4 exf3 13. gxf3 Nd4 14. Bd3 Nxf3+ 15. Ke2 Nd4+ 16. Kf1 e5 17. Be3 Bc5 18. Re1 O-O-O 19. Bxh7 g6 20. Bg5 Nf3
21. Bxd8 Kxd8 22. Re2 Bd6 23. Kg2 Ng5 24. Rd2 Ke7 25. Rhd1 Rd8 26. Bg8 Ne4 27. Rd3 Ng5 28. f3 Bc7 29. Rxd8 Bxd8 30. c4 Bc7
31. b4 Ne6 32. Kf2 Kf8 33. Bh7 Nd4 34. f4 Kg7 35. fxe5 Bxe5 36. Bxg6 Kxg6 37. Ke3 Nc2+ 38. Ke4 f6 39. b5 axb5 40. cxb5 Na3
41. b6 Nc4 42. Rd7 Kg5 43. Rg7+ Kh6 44. Re7 Kg5 45. Kf3 Na5 46. Rg7+ Kh6 47. Rd7 Kg6 48. a4 Bc3 49. Rd5= Kf7 50. Rc5 Bb4
51. Rh5 Ke6 52. g5 f5
0-1

[Event "Open Tournament "]
[Site "SchemingMind.com"]
[Date "2007.05.05"]
[Round "-"]
[White "rabbit"]
[Black "e_castle3"]
[Result "1-0"]
[WhiteCountry "USA"]
[BlackCountry "PHI"]
[WhiteElo "2049"]
[WhiteRD "72"]
[BlackElo "1784"]
[BlackRD "74"]
[GameID "103612"]

1. e4 e5 2. Nf3 Nc6 3. Bc4 Bc5 4. c3 Nf6 5. d4 exd4 6. cxd4 Bb4+ 7. Bd2 Bxd2+ 8. Nbxd2 d6 9. e5 dxe5 10. dxe5 Ng4
11. Bb5 Bd7 12. O-O O-O 13. Re1 a6 14. Bxc6 Bxc6 15. Qc2 Qe7 16. h3 Nh6 17. Ne4 Bxe4 18. Rxe4 Rfd8 19. e6 fxe6 20. Rae1 Rd6
21. Nd4 Qf6 22. Nxe6 Qg6 23. Qb3 Rb6 24. Nd8+
1-0

[Event "Open Tournament "]
[Site "SchemingMind.com"]
[Date "2007.05.07"]
[Round "-"]
[White "rabbit"]
[Black "egis"]
[Result "0-1"]
[WhiteCountry "USA"]
[BlackCountry "LTU"]
[WhiteElo "1973"]
[WhiteRD "87"]
[BlackElo "2005"]
[BlackRD "74"]
[GameID "103613"]

1. e4 e5 2. Nf3 Nf6 3. d4 exd4 4. e5 Ne4 5. Qxd4 f5 6. exf6 Nxf6 7. Nc3 Be7 8. Bg5 h6 9. Bxf6 Bxf6 10. Qe3+ Kf8
11. O-O-O Nc6 12. Nd5 b6 13. Nf4 Qe8 14. Qxe8+ Kxe8 15. Ng6 Rf8 16. Bc4 Be7 17. Nxf8 Kxf8 18. Bd5 Bb7 19. Ne5 Nxe5 20. Bxb7 Rb8
21. Ba6 d6 22. f4 Nd7 23. Bb5 Nc5
0-1

[Event "Open Tournament "]
[Site "SchemingMind.com"]
[Date "2007.05.04"]
[Round "-"]
[White "rabbit"]
[Black "Coloplast"]
[Result "1-0"]
[WhiteCountry "USA"]
[BlackCountry "SWE"]
[WhiteElo "2049"]
[WhiteRD "72"]
[BlackElo "1916"]
[BlackRD "70"]
[GameID "103614"]

1. e4 d5 2. exd5 Qxd5 3. Nc3 Qa5 4. d4 c6 5. Nf3 Bf5 6. Bc4 e6 7. Nh4 Bg6 8. Nxg6 hxg6 9. Qf3 Nf6 10. O-O Bd6
11. h3 Nbd7 12. a3 Qc7 13. Bg5 O-O-O 14. Rfd1 Rh5 15. Ne4 Be7 16. b3 Nb6 17. Bf4 Bd6 18. Bxd6 Rxd6 19. Nxd6+ Qxd6 20. Be2 Rh4
21. Qg3 Qxg3 22. fxg3 Re4 23. Bf3 Re3 24. Kf2 Rc3 25. Rac1 Nbd5 26. g4 g5 27. Re1 Nd7 28. Ke2 N7b6 29. Kd2 Kd7 30. Re5 f6
31. Rxd5+
1-0

[Event "Open Tournament "]
[Site "SchemingMind.com"]
[Date "2007.05.07"]
[Round "-"]
[White "rabbit"]
[Black "nwhitelaw"]
[Result "1-0"]
[WhiteCountry "USA"]
[BlackCountry "GBR"]
[WhiteElo "2049"]
[WhiteRD "72"]
[BlackElo "1305"]
[BlackRD "74"]
[GameID "103616"]

1. e4 d5 2. exd5 Qxd5 3. Nc3 Qe5+ 4. Be2 b5 5. Nxb5 Nc6 6. d4 Qf5 7. Nxc7+ Kd8 8. Nxa8 Nf6 9. Nf3 Nd5 10. c4 Ndb4
11. O-O g6 12. d5 Ne5 13. Nd4 Qf6 14. Nc6+ Nbxc6 15. dxc6+ Bd7 16. c7+ Ke8 17. c8=Q+ Bxc8 18. Nc7#
1-0

[Event "Open Tournament "]
[Site "SchemingMind.com"]
[Date "2007.05.07"]
[Round "-"]
[White "rabbit"]
[Black "pinkfloydhomer"]
[Result "1-0"]
[WhiteCountry "USA"]
[BlackCountry "DEN"]
[WhiteElo "2084"]
[WhiteRD "73"]
[BlackElo "1743"]
[BlackRD "91"]
[GameID "103617"]

1. e4 e5 2. Nf3 Nf6 3. Nc3 Nc6 4. d4 exd4 5. Nxd4 Bb4 6. Nxc6 bxc6 7. Bd3 O-O 8. O-O Re8 9. Qf3 d5 10. Bg5 Bxc3
11. bxc3 dxe4 12. Bxe4
1-0

[Event "Open Tournament "]
[Site "SchemingMind.com"]
[Date "2007.05.04"]
[Round "-"]
[White "rabbit"]
[Black "Jordan Petrov"]
[Result "1-0"]
[WhiteCountry "USA"]
[BlackCountry "BUL"]
[WhiteElo "2084"]
[WhiteRD "73"]
[BlackElo "1450"]
[BlackRD "91"]
[GameID "103618"]

1. e4 e5 2. Nf3 Nc6 3. Bb5 a6 4. Ba4 b5 5. Bb3 Nf6 6. Ng5 d5 7. exd5 Nd4 8. c3 Nf5 9. Qe2 Bd6 10. d4 O-O
11. dxe5 Bxe5 12. Qxe5
1-0

[Event "Open Tournament "]
[Site "SchemingMind.com"]
[Date "2007.05.03"]
[Round "-"]
[White "ramanujan"]
[Black "rabbit"]
[Result "0-1"]
[WhiteCountry "IND"]
[BlackCountry "USA"]
[WhiteElo "1916"]
[WhiteRD "84"]
[BlackElo "2049"]
[BlackRD "72"]
[GameID "103619"]

1. d4 d5 2. c4 dxc4 3. Nf3 Nf6 4. e3 e6 5. Bxc4 c5 6. O-O a6 7. e4 b5 8. Bd3 Bb7 9. e5 Nfd7 10. Ng5 Be7
11. f4 cxd4 12. Qg4 Bxg5 13. fxg5 Nxe5 14. Qf4 Qd5 15. Rf2 Nxd3 16. Qxf7+ Kd8 17. Bd2 b4 18. Qxg7 Nxf2 19. Qxh8+ Kc7 20. Qxh7+ Nd7
21. Bf4+ Kb6 22. Kxf2 Qxg2+ 23. Ke1 Qh1+ 24. Kf2 Rf8 25. Nd2 Rxf4+ 26. Ke2 Bf3+ 27. Kd3 Ne5+ 28. Kc2 Qxa1
0-1

[Event "Open Tournament "]
[Site "SchemingMind.com"]
[Date "2007.05.04"]
[Round "-"]
[White "e_castle3"]
[Black "rabbit"]
[Result "0-1"]
[WhiteCountry "PHI"]
[BlackCountry "USA"]
[WhiteElo "1843"]
[WhiteRD "71"]
[BlackElo "2084"]
[BlackRD "73"]
[GameID "103620"]

1. e4 c5 2. Nf3 e6 3. g3 Nc6 4. Bg2 d5 5. e5 g5 6. h3 Bg7 7. d3 Nxe5 8. Nxg5 h6 9. Nf3 Nxf3+ 10. Qxf3 Ne7
11. O-O Bd7 12. Nc3 O-O 13. Qh5 Nf5 14. Ne2 Rc8 15. c3 Kh7 16. g4 Nh4 17. Bh1 Ng6 18. g5 f5 19. gxh6 Bf6 20. Re1 Rg8
21. Kf1 Bb5 22. Rd1 Qc7 23. f4 d4 24. a4 Be8 25. Ng3 Nxf4 26. Qf3 Nxh3 27. Nxf5 Rg1+ 28. Ke2 Qh2+
0-1

[Event "Open Tournament "]
[Site "SchemingMind.com"]
[Date "2007.05.07"]
[Round "-"]
[White "egis"]
[Black "rabbit"]
[Result "1-0"]
[WhiteCountry "LTU"]
[BlackCountry "USA"]
[WhiteElo "2005"]
[WhiteRD "74"]
[BlackElo "1973"]
[BlackRD "87"]
[GameID "103621"]

1. c4 e5 2. Nf3 Nc6 3. Nc3 Nf6 4. g3 Bb4 5. Bg2 O-O 6. O-O e4 7. Nh4 Re8 8. Nf5 d5 9. cxd5 Nxd5 10. Ne3 Nf6
11. b3 Be6 12. Nc2 Ba5 13. Ba3 Qd7 14. Ne3 Bh3 15. Bxh3 Qxh3 16. b4 Ne5 17. f3 Bb6 18. Qe1 Rad8 19. Nd1 Qd7 20. Kh1 exf3
21. exf3 Qxd2 22. Qxd2 Rxd2 23. Bc1
1-0

[Event "Open Tournament "]
[Site "SchemingMind.com"]
[Date "2007.05.04"]
[Round "-"]
[White "Coloplast"]
[Black "rabbit"]
[Result "0-1"]
[WhiteCountry "SWE"]
[BlackCountry "USA"]
[WhiteElo "2012"]
[WhiteRD "70"]
[BlackElo "2023"]
[BlackRD "71"]
[GameID "103622"]

1. d4 d5 2. c4 dxc4 3. Nc3 a6 4. e4 b5 5. a4 b4 6. Na2 e6 7. Bxc4 Bb7 8. f3 c5 9. Ne2 Nc6 10. Be3 Na5
11. Qd3 cxd4 12. Bxd4 Nxc4 13. Qxc4 Rc8 14. Qb3 a5 15. O-O Ba6
0-1

[Event "Open Tournament "]
[Site "SchemingMind.com"]
[Date "2007.05.04"]
[Round "-"]
[White "nwhitelaw"]
[Black "rabbit"]
[Result "0-1"]
[WhiteCountry "GBR"]
[BlackCountry "USA"]
[WhiteElo "1305"]
[WhiteRD "74"]
[BlackElo "2049"]
[BlackRD "72"]
[GameID "103624"]

1. e4 e5 2. Nf3 Nc6 3. d4 exd4 4. Nxd4 Nf6 5. c3 Nxe4 6. Qe2 Nxd4 7. Qxe4+ Ne6 8. Bc4 c6 9. b4 d5 10. Bxd5 Qxd5
11. Qe3 Qxg2 12. Rf1 a5 13. bxa5 Bc5 14. Qe5 O-O 15. Be3 Bxe3 16. Qxe3 Re8 17. Nd2 Nc7 18. Ne4 Rxe4 19. O-O-O Rxe3 20. fxe3 Nd5
21. e4 Rxa5 22. Rfe1 Rxa2
0-1

[Event "Open Tournament "]
[Site "SchemingMind.com"]
[Date "2007.05.03"]
[Round "-"]
[White "pinkfloydhomer"]
[Black "rabbit"]
[Result "0-1"]
[WhiteCountry "DEN"]
[BlackCountry "USA"]
[WhiteElo "1743"]
[WhiteRD "91"]
[BlackElo "2084"]
[BlackRD "73"]
[GameID "103625"]

1. e4 c5 2. Nf3 e6 3. c3 d5 4. exd5 exd5 5. Bb5+ Bd7 6. Bxd7+ Nxd7 7. O-O Bd6 8. Re1+ Ne7 9. d4 O-O 10. Bg5 f6
11. Bh4 Qb6 12. Qe2 Rf7
0-1

[Event "Open Tournament "]
[Site "SchemingMind.com"]
[Date "2007.05.03"]
[Round "-"]
[White "Jordan Petrov"]
[Black "rabbit"]
[Result "0-1"]
[WhiteCountry "BUL"]
[BlackCountry "USA"]
[WhiteElo "1450"]
[WhiteRD "91"]
[BlackElo "2084"]
[BlackRD "73"]
[GameID "103626"]

1. e4 c5 2. Nf3 e6 3. d4 cxd4 4. Nxd4 Nc6 5. Bb5 Qb6 6. Bxc6 bxc6 7. b3 Nf6 8. Qd3 Bc5 9. Be3 d5 10. e5 Ng4
11. O-O Ba6
0-1

[Event "Open Tournament "]
[Site "SchemingMind.com"]
[Date "2007.05.04"]
[Round "-"]
[White "kwabena"]
[Black "rabbit"]
[Result "0-1"]
[WhiteCountry "ENG"]
[BlackCountry "USA"]
[WhiteElo "1604"]
[WhiteRD "104"]
[BlackElo "2049"]
[BlackRD "72"]
[GameID "103717"]

1. d4 d5 2. Bf4 c5 3. c3 Nc6 4. e3 e5 5. dxe5 g5 6. Bg3 Nge7 7. h3 Bg7 8. Nf3 O-O 9. Bd3 Ng6 10. Bxg6 hxg6
11. Qb3 c4 12. Qc2 Bf5 13. Qd2 Bd3 14. Na3 Qb6 15. b3 Qa6 16. Qb2 Rae8 17. Nxg5 Nxe5 18. Nc2 Qf6 19. Bxe5 Qxe5 20. Nf3 Qxc3+
21. Qxc3 Bxc3+ 22. Nd2 Bxc2 23. Rc1 Bxd2+ 24. Kxd2 Be4 25. Rhg1 b5 26. bxc4 dxc4 27. Kc3 a5 28. f3 Bd3 29. e4 f5 30. exf5 b4+
31. Kd4 Rxf5 32. Rge1 Rd8+ 33. Ke3 Re5+ 34. Kf4 Rxe1 35. Rxe1 b3 36. axb3 cxb3
0-1

[Event "Open Tournament "]
[Site "SchemingMind.com"]
[Date "2007.05.04"]
[Round "-"]
[White "kwabena"]
[Black "ramanujan"]
[Result "0-1"]
[WhiteCountry "ENG"]
[BlackCountry "IND"]
[WhiteElo "1605"]
[WhiteRD "109"]
[BlackElo "1945"]
[BlackRD "83"]
[GameID "103718"]

1. d4 Nf6 2. Bf4 d5 3. h3 Bf5 4. Nf3 e6 5. e3 Bd6 6. Bxd6 Qxd6 7. c4 dxc4 8. Bxc4 Qb4+ 9. Nbd2 Qxb2 10. O-O Nbd7
11. Qa4 O-O 12. Bb3 Bd3 13. Rfc1 c6 14. Qb4 Nb6 15. Ne5 Bf5 16. Kf1 Nbd5 17. Nec4 Qxc1+ 18. Rxc1 Nxb4 19. Ne5 Rfd8 20. Ndc4 a5
21. Nf3 a4 22. Nb6 axb3 23. axb3 Ra6 24. Nc4 b5 25. Ncd2 Rda8 26. Ke2 Bd3+ 27. Kd1 Ra1 28. Nc4 Rxc1+ 29. Kxc1 Ra1+ 30. Kb2 Ra2+
31. Kc3 Nfd5#
0-1

[Event "Open Tournament "]
[Site "SchemingMind.com"]
[Date "2007.05.05"]
[Round "-"]
[White "kwabena"]
[Black "e_castle3"]
[Result "1-0"]
[WhiteCountry "ENG"]
[BlackCountry "PHI"]
[WhiteElo "1553"]
[WhiteRD "80"]
[BlackElo "1843"]
[BlackRD "71"]
[GameID "103719"]

1. d4 d5 2. Bf4 Bf5 3. e3 e6 4. c4 Nc6 5. h3 Bd6 6. Bxd6 Qxd6 7. a3 Nf6 8. Nc3 a6 9. Nf3 O-O 10. Qb3 Rab8
11. cxd5 exd5 12. Be2 Rfe8 13. O-O b5 14. Nd1 Bg6 15. Bd3 Bh5 16. Nh4 Ne7 17. Qc2 Ng6 18. Nxg6 Bxg6 19. Bxg6 hxg6 20. b4 Re4
21. Nc3 Rh4 22. Ne2 Ng4 23. Nf4 Nf6 24. Rfc1 g5 25. g3 Rh6 26. Nd3 Rc8 27. Kg2 Qe6 28. Rh1 Qe4+ 29. Kh2 g6 30. Kg1 Kg7
31. Rc1 Rch8 32. Nc5 Qf3 33. Ne6+ Kg8 34. Nxg5 Qh5 35. h4 Ne8 36. Qc6 Kg7 37. Qxd5 Nd6 38. Rxc7
1-0

[Event "Open Tournament "]
[Site "SchemingMind.com"]
[Date "2007.05.07"]
[Round "-"]
[White "kwabena"]
[Black "egis"]
[Result "0-1"]
[WhiteCountry "ENG"]
[BlackCountry "LTU"]
[WhiteElo "1582"]
[WhiteRD "98"]
[BlackElo "2015"]
[BlackRD "70"]
[GameID "103720"]

1. d4 Nf6 2. Bg5 d5 3. e3 Ne4 4. Bf4 c5 5. Bd3 Qb6 6. Qc1 e6 7. Nf3 Be7 8. O-O O-O 9. dxc5 Bxc5 10. c4 Nd7
11. a3 Qb3 12. Nc3 Ndf6 13. Be5 Ng4 14. cxd5 exd5 15. Bxe4 dxe4 16. Nxe4 Nxe5 17. Nxe5 Be7 18. Nf3 Bf5 19. Nc3 Bd3 20. Rd1 Ba6
21. Nd4 Qc4 22. Nf5 Bf6 23. Nd6 Qe6 24. Nde4 Bxc3 25. Nxc3 Rac8 26. Qd2 Bc4 27. Qe1 Qb6 28. Rd2 a6 29. Na4 Qa5 30. Nc3 Qb6
31. b4 a5 32. bxa5 Qxa5 33. Ne4 Bd5 34. Nd6 Rc5 35. Nf5 Bxg2 36. Kxg2 Rxf5 37. Qe2 b5 38. Rb2 Qa8+ 39. e4 Rg5+ 40. Kf1 Qc6
41. Rc2 Qg6 42. Qd3 Rg1+ 43. Ke2 Rxa1 44. h3 Qg2 45. Qd5 Qf1+ 46. Kf3 Rxa3+ 47. Kf4 Qxh3 48. Qxb5 f6 49. Qc4+ Kh8 50. Qe2 g5#
0-1

[Event "Open Tournament "]
[Site "SchemingMind.com"]
[Date "2007.05.04"]
[Round "-"]
[White "kwabena"]
[Black "Coloplast"]
[Result "0-1"]
[WhiteCountry "ENG"]
[BlackCountry "SWE"]
[WhiteElo "1605"]
[WhiteRD "109"]
[BlackElo "2012"]
[BlackRD "70"]
[GameID "103721"]

1. d4 d5 2. Bf4 Nf6 3. e3 Bf5 4. h3 e6 5. Nf3 a6 6. Bd3 Bg6 7. Bxg6 hxg6 8. O-O Nbd7 9. Qd3 c5 10. c4 dxc4
11. Qxc4 Nd5 12. Bh2 b5 13. Qc2 c4 14. a3 f5 15. Nc3 Be7 16. Ne5 Nxe5 17. Bxe5 Kf7 18. Rad1 Bf6 19. Bxf6 gxf6 20. Nxd5 exd5
21. b3 Qd6 22. Rb1 Qxa3 23. b4 a5 24. Ra1 Qxb4 25. Rfb1 Qxb1+ 26. Rxb1 Rhb8 27. f3 a4 28. e4 b4 29. exf5 g5 30. Qe2 Re8
31. Qd2 b3 32. Qb4 a3 33. Qb7+ Kf8 34. Qxd5 a2 35. Qd6+ Kf7 36. Qd7+ Re7 37. Qd5+ Kg7 38. Rf1 a1=Q 39. Rxa1 Rxa1+ 40. Kf2 b2
41. Qd6 Rae1 42. Qc5 b1=Q 43. Qxc4 R7e2+ 44. Kg3 Qb8+ 45. Kg4 Qf4+
0-1

[Event "Open Tournament "]
[Site "SchemingMind.com"]
[Date "2007.05.04"]
[Round "-"]
[White "kwabena"]
[Black "Lazaro"]
[Result "0-1"]
[WhiteCountry "ENG"]
[BlackCountry "CUB"]
[WhiteElo "1569"]
[WhiteRD "84"]
[BlackElo "1953"]
[BlackRD "69"]
[GameID "103722"]

1. d4 Nf6 2. Bf4 d5 3. Nf3 Bf5 4. e3 Nbd7 5. c4 e6 6. h3 dxc4 7. Bxc4 Nb6 8. Qc1 Bb4+ 9. Nbd2 Ne4 10. Bxc7 Qxc7
11. Bb5+ Kd8 12. Qxc7+ Kxc7 13. Rc1+ Kd8 14. a3 Bxd2+ 15. Nxd2 Nxd2 16. Kxd2 Rc8 17. Rxc8+ Nxc8 18. Rc1 Nd6 19. Ba4 b5 20. Bb3 Kd7
21. g4 Be4 22. Bd1 Nc4+ 23. Ke1 Nxb2 24. Be2 a6 25. f3 Nd3+ 26. Bxd3 Bxd3 27. Kd2 Bc4 28. e4 Rc8 29. Rb1 a5 30. a4 bxa4
31. Rb7+ Rc7 32. Rb1 Bb3 33. h4 Rc2+ 34. Kd3 Rh2 35. h5 Bc2+
0-1

[Event "Open Tournament "]
[Site "SchemingMind.com"]
[Date "2007.05.07"]
[Round "-"]
[White "kwabena"]
[Black "nwhitelaw"]
[Result "1-0"]
[WhiteCountry "ENG"]
[BlackCountry "GBR"]
[WhiteElo "1604"]
[WhiteRD "104"]
[BlackElo "1305"]
[BlackRD "74"]
[GameID "103723"]

1. d4 d5 2. Bf4 Nc6 3. e3 Bf5 4. c4 Nb4 5. Qa4+ Nc6 6. Nc3 e6 7. cxd5 exd5 8. Qb3 Nf6 9. Nf3 Nb4 10. Rc1 Bd3
11. Na4 Be4 12. Be2 c6 13. Nc5 Qa5 14. O-O Nxa2 15. Ra1 Bxc5 16. dxc5 Bxf3 17. Bxf3 Qxc5 18. Rxa2 O-O 19. Qxb7 Qc4 20. Rxa7 Rab8
21. Bxb8 h5 22. Be5 Ne4 23. Bxh5 g6 24. Bxg6 d4 25. Bxd4 Nd2 26. Rd1 Qe2 27. Bxf7+
1-0

[Event "Open Tournament "]
[Site "SchemingMind.com"]
[Date "2007.05.07"]
[Round "-"]
[White "kwabena"]
[Black "pinkfloydhomer"]
[Result "1-0"]
[WhiteCountry "ENG"]
[BlackCountry "DEN"]
[WhiteElo "1553"]
[WhiteRD "80"]
[BlackElo "1743"]
[BlackRD "91"]
[GameID "103724"]

1. d4 d5 2. Bf4 Bg4 3. h3 Bh5 4. c4 c6 5. Qb3 Qb6 6. Qxb6 axb6 7. cxd5 cxd5 8. Nd2 Nc6 9. e3 Nf6 10. Ngf3 e6
11. a3 Be7 12. Bc7 O-O 13. Bxb6 Rfc8 14. Be2 Nd7 15. Bc5 Nxc5 16. dxc5 Bxc5 17. O-O Ne5 18. Nxe5 Bxe2 19. Rfc1 Bb5 20. Ndf3 f6
21. Ng4 h5 22. Ngh2 Kf7 23. Nd2 Rc6 24. Nhf1 Rac8 25. Ng3 g6 26. e4 Bxf2+ 27. Kxf2 Rxc1 28. Rxc1 Rxc1 29. b3 h4 30. Ne2 Rc2
31. Ke3
1-0